Bio-bibliografía de Don Fernando Ortíz / (Record no. 15355)
[ view plain ]
| 000 -CABECERA | |
|---|---|
| campo de control de longitud fija | 00657cam a2200181 a 4500 |
| 001 - NÚMERO DE CONTROL | |
| campo de control | 000015809 |
| 005 - FECHA Y HORA DE LA ÚLTIMA TRANSACCIÓN | |
| campo de control | 20200929164148.0 |
| 008 - DATOS DE LONGITUD FIJA--INFORMACIÓN GENERAL | |
| campo de control de longitud fija | 750617s1970 cu 000 0 spa |
| 040 ## - FUENTE DE LA CATALOGACIÓN | |
| Centro catalogador/agencia de origen | DO-SdBNP |
| Lengua de catalogación | spa |
| Centro/agencia transcriptor | BNPHU |
| 082 ## - NÚMERO DE LA CLASIFICACIÓN DECIMAL DEWEY | |
| Número de clasificación | 012 |
| Número de documento/Ítem | O77b |
| 245 00 - MENCIÓN DE TÍTULO | |
| Título | Bio-bibliografía de Don Fernando Ortíz / |
| Mención de responsabilidad, etc. | Compilado por Araceli García-Carranza. |
| 260 ## - PUBLICACIÓN, DISTRIBUCIÓN, ETC. | |
| Lugar de publicación, distribución, etc. | La Habana : |
| Nombre del editor, distribuidor, etc. | Biblioteca Nacional José Martí |
| -- | Instituto del Libro, |
| Fecha de publicación, distribución, etc. | 1970. |
| 300 ## - DESCRIPCIÓN FÍSICA | |
| Extensión | 250 p. ; |
| Dimensiones | 23 cm. |
| 600 14 - PUNTO DE ACCESO ADICIONAL DE MATERIA--NOMBRE DE PERSONA | |
| Nombre de persona | ORTÍZ, FERNANDO, |
| Fechas asociadas al nombre | 1881-1969 |
| Subdivisión de forma | BIOBIBLIOGRAFÍA |
| 9 (RLIN) | 35572 |
| 650 #4 - PUNTO DE ACCESO ADICIONAL DE MATERIA--TÉRMINO DE MATERIA | |
| Término de materia o nombre geográfico como elemento de entrada | Biobibliografía |
| 9 (RLIN) | 35573 |
| 700 1# - PUNTO DE ACCESO ADICIONAL--NOMBRE DE PERSONA | |
| Nombre de persona | García-Carranza, Araceli, |
| Término indicativo de función/relación | comp. |
| 9 (RLIN) | 35574 |
| 700 1# - PUNTO DE ACCESO ADICIONAL--NOMBRE DE PERSONA | |
| Nombre de persona | Vázquez, Asya, |
| Término indicativo de función/relación | ed. |
| 9 (RLIN) | 35575 |
| Estado de retiro | Estado de pérdida | Restricciones de uso | No para préstamo | Código de colección | Localización permanente | Ubicación/localización actual | Ubicación en estantería | Fecha de adquisición | Número de inventario | Total de préstamos | Signatura topográfica completa | Código de barras | Fecha visto por última vez | Precio válido a partir de | Tipo de ítem Koha | Número de copia |
|---|---|---|---|---|---|---|---|---|---|---|---|---|---|---|---|---|
| Excluido de préstamo | Monografías: Libros y Folletos | General | General | Depósito | 18.02.2010 | LF1 | 012 O77b | 15809-10 | 25.06.2020 | 25.06.2020 | No se presta | |||||
| Excluido de préstamo | Monografías: Libros y Folletos | General | General | Depósito | 18.02.2010 | LF1 | 012 O77b | 15809-20 | 25.06.2020 | 25.06.2020 | No se presta | e. 2 |
